[Event "SRB-chT Premier"]
[Site "Bajina Basta"]
[Date "2023.09.24"]
[Round "7.3"]
[White "Cuzovic, Ognjen"]
[Black "Krstic, Petar"]
[Result "1/2-1/2"]
[WhiteElo "1977"]
[BlackElo "2291"]
[PlyCount "87"]
[EventDate "2023.09.18"]
[EventType "team-tourn"]
[EventRounds "11"]
[EventCountry "SRB"]
[SourceTitle "EXT 2024"]
[Source "ChessBase"]
[SourceDate "2023.10.10"]
[SourceVersion "1"]
[SourceVersionDate "2023.10.10"]
[SourceQuality "1"]
[WhiteTeam "Petrovaradin Kraljica"]
[BlackTeam "Subotica Spartak"]
[WhiteTeamCountry "SRB"]
[BlackTeamCountry "SRB"]

1. d4 d5 2. c4 c6 3. Nc3 Nf6 4. e3 Bf5 5. cxd5 cxd5 6. Qb3 Bc8 7. f4 Nc6 8. Nf3 e6 9. Bd3 Be7 10. 0-0 0-0 11. Bd2 Na5 12. Qc2 a6 13. Ne5 b5 14. g4 b4 15. Na4 Ne4 16. Nc5 Nxd2 17. Qxd2 f6 18. Nf3 e5 19. fxe5 Bxc5 20. dxc5 Bxg4 21. Qxb4 f5 22. Qf4 Qe7 23. Nd4 Nc4 24. Nxf5 Bxf5 25. Bxf5 g6 26. Qg3 Qxc5 27. Bxg6 Qxe3+ 28. Qxe3 Nxe3 29. Rxf8+ Kxf8 30. Bxh7 Ke7 31. Re1 d4 32. Be4 Rb8 33. b3 Ke6 34. Kf2 Kxe5 35. Bd3 Rf8+ 36. Ke2 Rh8 37. Rh1 a5 38. h4 Ng2 39. Kf2 Nxh4 40. Re1+ Kd5 41. Bc4+ Kc5 42. Re5+ Kb4 43. Ke2 Ng6 44. Rf5 1/2-1/2

[Event "PNWCC-Pirot Hybrid m"]
[Site "Chess.com INT"]
[Date "2021.09.18"]
[Round "1.2"]
[White "Narayanan, Samrug"]
[Black "Krstic, Petar"]
[Result "1-0"]
[WhiteElo "2296"]
[BlackElo "2307"]
[PlyCount "79"]
[EventDate "2021.09.18"]
[EventType "team-match"]
[EventRounds "4"]
[EventCountry "USA"]
[SourceTitle "CBM 204 Extra"]
[Source "ChessBase"]
[SourceDate "2021.11.30"]
[SourceVersion "1"]
[SourceVersionDate "2021.11.30"]
[SourceQuality "1"]
[WhiteTeam "PNWCC"]
[BlackTeam "Pirot"]
[WhiteTeamCountry "USA"]
[BlackTeamCountry "SRB"]

1. e4 c6 2. d4 d5 3. e5 c5 4. dxc5 e6 5. Be3 Nd7 6. Bb5 Qc7 7. b4 a5 8. c3 Ne7 9. Nf3 Nc6 10. Qa4 Ra7 11. Qb3 Ndxe5 12. Nbd2 Ng4 13. Bg5 Bd7 14. 0-0 Be7 15. Bxe7 Nxe7 16. Bxd7+ Qxd7 17. b5 0-0 18. Qa4 Nf6 19. c4 Rc8 20. Ne5 Qe8 21. c6 bxc6 22. b6 Ra6 23. c5 Ng6 24. Nd3 Rca8 25. f4 Qc8 26. Nf3 Nd7 27. Nd4 Ne7 28. Rae1 Qb7 29. Qc2 a4 30. a3 Ra5 31. Rc1 g6 32. Qc3 h5 33. Rfe1 Nf8 34. Ne5 Nd7 35. Nxd7 Qxd7 36. Qe3 Re8 37. Qe5 Raa8 38. Rb1 Nf5 39. Nxf5 exf5 40. b7 1-0

[Event "SRB-chT"]
[Site "Valjevo"]
[Date "2018.09.08"]
[Round "9.3"]
[White "Radlovacki, Jovan"]
[Black "Krstic, Petar"]
[Result "0-1"]
[WhiteElo "2300"]
[BlackElo "2323"]
[PlyCount "136"]
[EventDate "2018.08.31"]
[EventType "team-tourn"]
[EventRounds "11"]
[EventCountry "SRB"]
[SourceTitle "CBM 186 Extra"]
[Source "ChessBase"]
[SourceDate "2018.08.24"]
[SourceVersion "1"]
[SourceVersionDate "2018.08.24"]
[SourceQuality "1"]
[WhiteTeam "Kac Jugovic"]
[BlackTeam "Subotica Spartak"]
[WhiteTeamCountry "SRB"]
[BlackTeamCountry "SRB"]

1. e4 e6 2. d4 d5 3. Nd2 c5 4. Ngf3 cxd4 5. exd5 Qxd5 6. Bc4 Qd6 7. 0-0 Nf6 8. Nb3 Nc6 9. Nbxd4 Nxd4 10. Nxd4 a6 11. c3 Qc7 12. Qa4+ Bd7 13. Bb5 Rc8 14. Bxd7+ Qxd7 15. Qxd7+ Nxd7 16. Re1 Bc5 17. Nb3 Bb6 18. Bg5 h6 19. Bh4 g5 20. Bg3 Bc7 21. Bxc7 Rxc7 22. Rad1 Nf6 23. Nd4 0-0 24. Rd3 Rd7 25. Rf3 Kg7 26. h4 g4 27. Rf4 Rfd8 28. Nb3 Rd1 29. Kf1 Rxe1+ 30. Kxe1 Rd5 31. Rb4 Re5+ 32. Kf1 b5 33. c4 Ne4 34. cxb5 axb5 35. Rd4 h5 36. Nc1 Nf6 37. Nd3 Rf5 38. g3 Nd5 39. Ke2 Kf8 40. Re4 Ke7 41. Re5 Kf6 42. Rxf5+ Kxf5 43. a3 Ke4 44. Kd2 e5 45. b3 f5 46. Ne1 f4 47. gxf4 exf4 48. Ke2 f3+ 49. Kf1 Kd4 50. a4 b4 51. Nc2+ Kc3 52. Ne3 Nc7 53. Nxg4 Kxb3 54. Ne5 Kxa4 55. Nxf3 Kb3 56. Ke2 Kc3 57. Nd2 Nd5 58. Kd1 b3 59. Ne4+ Kd3 60. Nc5+ Kc4 61. Na4 Nf4 62. Kd2 Ng2 63. Nb2+ Kd4 64. Nd3 Nxh4 65. Ne1 Nf5 66. Nf3+ Kc4 67. Ne5+ Kb4 68. Nd3+ Ka3 0-1

[Event "Oberliga Bayern 1718"]
[Site "Bayern"]
[Date "2018.02.25"]
[Round "7.5"]
[White "Krstic, Petar"]
[Black "Wachinger, Guenther"]
[Result "1-0"]
[WhiteElo "2323"]
[BlackElo "2191"]
[PlyCount "103"]
[EventDate "2017.10.22"]
[EventType "team-tourn"]
[EventRounds "9"]
[EventCountry "GER"]
[SourceTitle "EXT 2020"]
[Source "ChessBase"]
[SourceDate "2019.10.17"]
[SourceVersion "1"]
[SourceVersionDate "2019.10.17"]
[SourceQuality "1"]
[WhiteTeam "Deggendorf"]
[BlackTeam "Pang/Rosenheim"]
[WhiteTeamCountry "GER"]
[BlackTeamCountry "GER"]

1. d4 Nf6 2. Nf3 c5 3. d5 e6 4. Nc3 exd5 5. Nxd5 Nxd5 6. Qxd5 Be7 7. Bg5 0-0 8. 0-0-0 Nc6 9. Bxe7 Qxe7 10. Qd6 Re8 11. e3 h6 12. Bc4 a6 13. Qf4 b5 14. Bd5 Ra7 15. c3 Bb7 16. g4 Nd8 17. Rhg1 Ne6 18. Qg3 c4 19. g5 hxg5 20. Nxg5 Nxg5 21. Qxg5 Qxg5 22. Rxg5 Bxd5 23. Rgxd5 Re7 24. a4 Rb7 25. Rd6 bxa4 26. Rxa6 Re5 27. Rxa4 d5 28. Ra8+ Kh7 29. Ra5 Rd7 30. Rd4 f6 31. Rc5 Rf5 32. Rd2 Kg6 33. f4 Re7 34. Rdxd5 Rxd5 35. Rxd5 Rxe3 36. Rd4 Re1+ 37. Kc2 Re2+ 38. Kb1 Rxh2 39. Rxc4 Kf5 40. b4 g5 41. fxg5 fxg5 42. Rc8 g4 43. Rg8 Rh6 44. Kc2 Rb6 45. Kd3 Rd6+ 46. Kc4 Rc6+ 47. Kd4 Kf4 48. b5 Rd6+ 49. Kc5 Rd3 50. c4 g3 51. b6 Rb3 52. Kc6 1-0

[Event "Vojvodina-chT"]
[Site "Novi Sad"]
[Date "2017.11.15"]
[Round "3.3"]
[White "Krstic, Petar"]
[Black "Simonyi, Zoltan"]
[Result "1-0"]
[WhiteElo "2324"]
[BlackElo "2223"]
[PlyCount "95"]
[EventDate "2017.11.13"]
[EventType "team-tourn"]
[EventRounds "11"]
[EventCountry "SRB"]
[SourceTitle "CBM 181 Extra"]
[Source "ChessBase"]
[SourceDate "2017.12.12"]
[SourceVersion "1"]
[SourceVersionDate "2017.12.12"]
[SourceQuality "1"]
[WhiteTeam "Subotica Spartak"]
[BlackTeam "Senta"]
[WhiteTeamCountry "SRB"]
[BlackTeamCountry "SRB"]

1. d4 e6 2. c4 Nf6 3. Nc3 c5 4. d5 exd5 5. cxd5 d6 6. e4 g6 7. Nf3 Bg7 8. Be2 0-0 9. 0-0 Re8 10. Nd2 a6 11. a4 Nbd7 12. f3 Qc7 13. Nc4 Nb6 14. Ne3 Bd7 15. Kh1 Rad8 16. a5 Nc8 17. Bd2 Na7 18. Qb3 Nh5 19. Nc4 Nb5 20. Nxb5 Bxb5 21. Bd3 Qe7 22. g4 Nf6 23. Rae1 Nd7 24. f4 h6 25. Re2 Nf6 26. h3 Nd7 27. Qc2 Bd4 28. b3 Nf6 29. Be1 Nd7 30. Bg3 Bg7 31. Rfe1 Bxc4 32. bxc4 Bd4 33. e5 dxe5 34. fxe5 Qg5 35. e6 Nf6 36. Rf1 Kg7 37. Kg2 Re7 38. Rf4 Be5 39. Rxe5 Qxe5 40. Re4 Qg5 41. h4 Nxe4 42. hxg5 Nxg3 43. Qb2+ Kg8 44. Qf6 Rde8 45. gxh6 fxe6 46. dxe6 Nf5 47. Qxg6+ Ng7 48. Qh7+ 1-0

[Event "SRB-chT"]
[Site "Kragujevac"]
[Date "2016.09.30"]
[Round "9.1"]
[White "Rabrenovic, Vladan"]
[Black "Krstic, Petar"]
[Result "1-0"]
[WhiteElo "2334"]
[BlackElo "2333"]
[PlyCount "137"]
[EventDate "2016.09.22"]
[EventType "team-tourn"]
[EventRounds "11"]
[EventCountry "SRB"]
[SourceTitle "CBM 174 Extra"]
[Source "ChessBase"]
[SourceDate "2016.10.10"]
[SourceVersion "1"]
[SourceVersionDate "2016.10.10"]
[SourceQuality "1"]
[WhiteTeam "Metalac"]
[BlackTeam "Spartak"]
[WhiteTeamCountry "SRB"]
[BlackTeamCountry "SRB"]

1. d4 Nf6 2. c4 e6 3. Nc3 Bb4 4. g3 0-0 5. Bg2 d5 6. Nf3 dxc4 7. a3 Be7 8. Ne5 c5 9. dxc5 Qxd1+ 10. Nxd1 Bxc5 11. Nxc4 Nc6 12. Bf4 Nd5 13. Bd2 Nd4 14. Nde3 b5 15. Na5 Bd7 16. Rd1 Rac8 17. Bxd5 exd5 18. Bc3 Nf5 19. Nxd5 Be6 20. 0-0 Rfe8 21. Nb7 f6 22. e4 Nh6 23. Nxc5 Rxc5 24. Bb4 Rc4 25. f3 f5 26. e5 Kf7 27. Rf2 Rec8 28. Rfd2 Rc1 29. Nc3 Rxd1+ 30. Rxd1 Rb8 31. Rd6 Ng8 32. Ra6 Rb7 33. Bc5 Ne7 34. b4 Nc8 35. Kf2 Bc4 36. Rc6 Ne7 37. Rd6 Ke8 38. Ra6 Nc8 39. Ne2 g6 40. Nd4 Nb6 41. h4 Nd7 42. Bd6 Nb6 43. h5 Nd5 44. Bc5 f4 45. hxg6 hxg6 46. Rxg6 Rh7 47. e6 fxg3+ 48. Kxg3 Ne7 49. Bxe7 Kxe7 50. f4 Bd3 51. f5 Kd6 52. Kf4 Rh4+ 53. Rg4 Rh1 54. Rg3 Rh4+ 55. Ke3 Bc4 56. Rg7 Rh3+ 57. Kf4 Rh4+ 58. Kg5 Rxd4 59. Rd7+ Ke5 60. Rxd4 Kxd4 61. e7 Bf7 62. Kf6 Bh5 63. Ke6 Ke4 64. f6 Bg4+ 65. Kd6 Bh5 66. Ke6 Bg4+ 67. Kf7 Kf5 68. Kg7 Bh5 69. f7 1-0

[Event "SRB-chT"]
[Site "Kragujevac"]
[Date "2016.09.22"]
[Round "1.1"]
[White "Milanovic, Danilo"]
[Black "Krstic, Petar"]
[Result "0-1"]
[WhiteElo "2496"]
[BlackElo "2333"]
[PlyCount "46"]
[EventDate "2016.09.22"]
[EventType "team-tourn"]
[EventRounds "11"]
[EventCountry "SRB"]
[SourceTitle "CBM 174 Extra"]
[Source "ChessBase"]
[SourceDate "2016.10.10"]
[SourceVersion "1"]
[SourceVersionDate "2016.10.10"]
[SourceQuality "1"]
[WhiteTeam "Sveti Nikolaj Srpski"]
[BlackTeam "Spartak"]
[WhiteTeamCountry "SRB"]
[BlackTeamCountry "SRB"]

1. Nf3 Nf6 2. c4 e6 3. Nc3 Bb4 4. Qc2 Bxc3 5. Qxc3 b6 6. b3 d6 7. Bb2 0-0 8. e3 Bb7 9. Be2 Nbd7 10. 0-0 e5 11. d4 Ne4 12. Qc2 Ng5 13. Nd2 f5 14. f3 f4 15. exf4 Rxf4 16. d5 a5 17. Rae1 Nc5 18. g3 Rf8 19. f4 exf4 20. Qc3 Nh3+ 21. Kg2 Qd7 22. Bh5 c6 23. Qd4 cxd5 0-1

[Event "Landesliga Sued 1516"]
[Site "Bayern"]
[Date "2016.03.13"]
[Round "8.2"]
[White "Alvir, Aco"]
[Black "Krstic, Petar"]
[Result "1/2-1/2"]
[WhiteElo "2345"]
[BlackElo "2334"]
[PlyCount "60"]
[EventDate "2015.10.11"]
[EventType "team-tourn"]
[EventRounds "9"]
[EventCountry "GER"]
[SourceTitle "EXT 2018"]
[Source "ChessBase"]
[SourceDate "2017.10.13"]
[SourceVersion "1"]
[SourceVersionDate "2017.10.13"]
[SourceQuality "1"]
[WhiteTeam "Muenchen 36"]
[BlackTeam "Deggendorf"]
[WhiteTeamCountry "GER"]
[BlackTeamCountry "GER"]

1. e4 d6 2. d4 Nf6 3. Nc3 e5 4. dxe5 dxe5 5. Qxd8+ Kxd8 6. Bg5 Be6 7. f4 exf4 8. 0-0-0+ Kc8 9. Nge2 Nbd7 10. Nxf4 Bd6 11. Nxe6 fxe6 12. Bc4 Re8 13. Bb5 a6 14. Bxd7+ Nxd7 15. Rhf1 Ne5 16. Ne2 b5 17. Nd4 Kb7 18. h3 h6 19. Bf4 Rad8 20. Bxe5 Bxe5 21. Nf3 Bf4+ 22. Kb1 Bg3 23. c3 c5 24. Kc2 Kc6 25. b3 Kc7 26. Rxd8 Rxd8 27. Nd2 Be5 28. Rf7+ Rd7 29. Rxd7+ Kxd7 30. Nf3 Kd6 1/2-1/2

[Event "Landesliga Sued 1516"]
[Site "Bayern"]
[Date "2016.01.31"]
[Round "6.3"]
[White "Krstic, Petar"]
[Black "Ruecker, Benjamin"]
[Result "1-0"]
[WhiteElo "2334"]
[BlackElo "2230"]
[PlyCount "93"]
[EventDate "2015.10.11"]
[EventType "team-tourn"]
[EventRounds "9"]
[EventCountry "GER"]
[SourceTitle "EXT 2018"]
[Source "ChessBase"]
[SourceDate "2017.10.13"]
[SourceVersion "1"]
[SourceVersionDate "2017.10.13"]
[SourceQuality "1"]
[WhiteTeam "Deggendorf"]
[BlackTeam "Garching II"]
[WhiteTeamCountry "GER"]
[BlackTeamCountry "GER"]

1. Nf3 d5 2. e3 Nf6 3. b3 Bg4 4. Bb2 Nbd7 5. Be2 c6 6. d4 Qa5+ 7. c3 Ne4 8. 0-0 e6 9. Nbd2 Nxd2 10. Nxd2 Bxe2 11. Qxe2 Be7 12. e4 dxe4 13. Nxe4 0-0 14. c4 Ba3 15. Rad1 Bxb2 16. Qxb2 Rad8 17. Rd2 h6 18. Rfd1 Qc7 19. h3 b5 20. Qc3 bxc4 21. Qxc4 Nb6 22. Qc1 Rd5 23. Rc2 Qd8 24. Rdd2 Rxd4 25. Rxc6 Qd5 26. Rxd4 Qxd4 27. Nd6 Qd5 28. Nc8 Nxc8 29. Rxc8 g5 30. Rc5 Qd4 31. Rc4 Qd5 32. h4 Rd8 33. hxg5 hxg5 34. Rc5 Qd1+ 35. Qxd1 Rxd1+ 36. Kh2 Rd5 37. Rxd5 exd5 38. Kg3 Kg7 39. f4 Kf6 40. Kf3 gxf4 41. Kxf4 Ke6 42. b4 f5 43. Ke3 Ke5 44. a4 d4+ 45. Kd3 f4 46. b5 Kd5 47. a5 1-0